Una investigación acerca de los precios y salarios en Río de Janeiro /

保存先:
書誌詳細
第一著者: Lobo, Eulalia Mª
フォーマット: テキスト
タグ: タグ追加
タグなし, このレコードへの初めてのタグを付けませんか!

MARC

LEADER 00000 a a2200000 04500
001 7821
003
040
100 |a Lobo, Eulalia Mª  
245 |a Una investigación acerca de los precios y salarios en Río de Janeiro /  |c Eulalia Mª Lobo 
773 |g número 2; páginas 143-154  
999 |c 34365  |d 34365